Vista normal Vista MARC

Entrada Personal Name

Número de registros utilizados en: 1

001 - CONTROL NUMBER

  • control field: 7432

003 - CONTROL NUMBER IDENTIFIER

  • control field: OSt

005 - DATE AND TIME OF LATEST TRANSACTION

  • control field: 20200716173402.0

008 - FIXED-LENGTH DATA ELEMENTS

  • fixed length control field: 200716|| aca||aabn | a|a d

040 ## - CATALOGING SOURCE

  • Original cataloging agency: OSt
  • Transcribing agency: OSt

100 ## - HEADING--PERSONAL NAME

  • Personal name: Child Vélez, Jorge

670 ## - SOURCE DATA FOUND

  • Source citation: Work cat.: (OSt)5619: Child Vélez, Jorge, autor, Los grandes poderes y la apertura económica / , 1991